| 000 | 00574nam a2200169Ia 4500 | ||
|---|---|---|---|
| 005 | 20260302161943.0 | ||
| 008 | 260302s9999 xx 000 0 und d | ||
| 020 | _a9780262026543 | ||
| 082 |
_a339.5 _bBAL |
||
| 100 | _aBalasko, Yves | ||
| 245 | 0 |
_aThe Equilibrium Manifold / _cBalasko, Yves |
|
| 260 |
_bMIT Press (MA), _c2009 |
||
| 300 | _a225 pages | ||
| 520 | _aA leading scholar in the field presents post-1970s developments in the theory ofgeneral equilibrium, unified by the concept of equilibrium manifold. | ||
| 650 | _aBusiness & Economics | ||
| 942 | _cENGLISH | ||
| 999 |
_c616739 _d616739 |
||